000 00631nam a22001937a 4500
005 20141111020002.0
008 130828b2010 ck ||||| |||| 00| 0 spa d
041 _aspa
044 _ack
090 _aLB
_b05755
245 1 0 _aCasanare
260 _a[Casanare]
_bSecretaría de Agricultura, Ganadería y Medio Ambiente
_c2010
300 _a47 p.
_bil., mapas
_c28 cm.
500 _aTurismo del Casanare,
505 _aOrocué: destino turístico desconocido en las sabanas colom
505 _aManí: Origen del sonido y golpes de bandolas
650 _aTurismo
_zCasanare (Departamento, Colombia)
_91907
942 _2ddc
_cFolleto
_02
999 _c7633
_d7633